In welchem Bezirk ist diese Gemeinde - Statistiken

Allgemein
  • Dieses Quiz wurde 42 mal gespielt
  • Das Durchschnittsergebnis liegt bei 8 aus 20
Antwortstatistiken
Gemeinde Bezirk % Korrekt
Kematen an der Ybbs Amstetten
100%
Hernstein Baden
100%
Nüziders Bludenz
100%
Braunau am Inn Braunau am Inn
100%
Feldkirchen bei Mattighofen Braunau am Inn
100%
Maria Schmolln Braunau am Inn
100%
Bezau Bregenz
100%
Langen bei Bregenz Bregenz
100%
Schoppernau Bregenz
100%
Mannersdorf am Leithagebirge Bruck an der Leitha
100%
Eibiswald Deutschlandsberg
100%
Dornbirn Dornbirn
100%
Pupping Eferding
100%
Steinbrunn Eisenstadt Umgebung
100%
Götzis Feldkirch
100%
Schnifis Feldkirch
100%
Ossiach Feldkirchen
100%
Haugschlag Gmünd
100%
Vorchdorf Gmunden
100%
Laßnitzhöhe Graz-Umgebung
100%
Übelbach Graz-Umgebung
100%
Premstätten Graz-Umgebung
100%
Großmürbisch Güssing
100%
Sankt Michael im Burgenland Güssing
100%
Bad Vigaun Hallein
100%
Kaindorf Hartberg-Fürstenfeld
100%
Bad Loipersdorf Hartberg-Fürstenfeld
100%
Vorau Hartberg-Fürstenfeld
100%
Hermagor-Pressegger See Hermagor
100%
Hohenwarth-Mühlbach am Manhartsberg Hollabrunn
100%
Drosendorf-Zissersdorf Horn
100%
Karres Imst
100%
Sölden Imst
100%
Axams Innsbruck-Land
100%
Kematen in Tirol Innsbruck-Land
100%
Mils Innsbruck-Land
100%
Neustift im Stubaital Innsbruck-Land
100%
Aggsbach Krems Land
100%
Weißenkirchen in der Wachau Krems Land
100%
Matrei in Osttirol Lienz
100%
Annaberg Lilienfeld
100%
Linz Linz
100%
St. Marien Linz-Land
100%
Mank Melk
100%
Texingtal Melk
100%
Biedermannsdorf Mödling
100%
Grimmenstein Neunkirchen
100%
Reichenau an der Rax Neunkirchen
100%
St. Corona am Wechsel Neunkirchen
100%
Podersdorf am See Neusiedl am See
100%
Winden am See Neusiedl am See
100%
Frankenau-Unterpullendorf Oberpullendorf
100%
Oberpullendorf Oberpullendorf
100%
Großpetersdorf Oberwart
100%
Stadtschlaining Oberwart
100%
Unterwart Oberwart
100%
Dimbach Perg
100%
Lermoos Reutte
100%
Hohenzell Ried im Innkreis
100%
Lohnsburg am Kobernaußerwald Ried im Innkreis
100%
Hofkirchen im Mühlkreis Rohrbach
100%
Sarleinsbach Rohrbach
100%
Ulrichsberg Rohrbach
100%
Eben im Pongau Sankt Johann im Pongau
100%
Schwarzach im Pongau Sankt Johann im Pongau
100%
Deutsch-Griffen Sankt Veit an der Glan
100%
St. Georgen am Längsee Sankt Veit an der Glan
100%
Gresten Scheibbs
100%
Kleblach-Lind Spittal an der Drau
100%
Stössing St. Pölten-Land
100%
Weinburg St. Pölten-Land
100%
Mureck Südoststeiermark
100%
Sitzenberg-Reidling Tulln
100%
St. Andrä-Wördern Tulln
100%
Haibach im Mühlkreis Urfahr-Umgebung
100%
Walding Urfahr-Umgebung
100%
Weißenstein Villach Land
100%
Vöcklamarkt Vöcklabruck
100%
Bärnbach Voitsberg
100%
Pfaffenschlag bei Waidhofen an der Thaya Waidhofen an der Thaya
100%
Thaya Waidhofen an der Thaya
100%
Waldkirchen an der Thaya Waidhofen an der Thaya
100%
Markt Hartmannsdorf Weiz
100%
Pichl bei Wels Wels-Land
100%
Lofer Zell am See
100%
Maishofen Zell am See
100%
Sankt Barbara im Mürztal Bruck-Mürzzuschlag
50%
Guntramsdorf Mödling
50%
Buch in Tirol Schwaz
50%
Riegersburg Südoststeiermark
50%
Niederthalheim Vöcklabruck
50%
Allhartsberg Amstetten
0%
Amstetten Amstetten
0%
Ardagger Amstetten
0%
Aschbach-Markt Amstetten
0%
Behamberg Amstetten
0%
Biberbach Amstetten
0%
Ennsdorf Amstetten
0%
Ernsthofen Amstetten
0%
Ertl Amstetten
0%
Euratsfeld Amstetten
0%
Ferschnitz Amstetten
0%
Haag Amstetten
0%
Haidershofen Amstetten
0%
Hollenstein an der Ybbs Amstetten
0%
Neuhofen an der Ybbs Amstetten
0%
Neustadtl an der Donau Amstetten
0%
Oed-Oehling Amstetten
0%
Opponitz Amstetten
0%
Seitenstetten Amstetten
0%
Sonntagberg Amstetten
0%
St. Georgen am Reith Amstetten
0%
St. Georgen am Ybbsfelde Amstetten
0%
St. Pantaleon-Erla Amstetten
0%
St. Peter in der Au Amstetten
0%
St. Valentin Amstetten
0%
Strengberg Amstetten
0%
Viehdorf Amstetten
0%
Wallsee-Sindelburg Amstetten
0%
Weistrach Amstetten
0%
Winklarn Amstetten
0%
Wolfsbach Amstetten
0%
Ybbsitz Amstetten
0%
Zeillern Amstetten
0%
Alland Baden
0%
Altenmarkt an der Triesting Baden
0%
Bad Vöslau Baden
0%
Baden Baden
0%
Berndorf Baden
0%
Blumau-Neurißhof Baden
0%
Ebreichsdorf Baden
0%
Enzesfeld-Lindabrunn Baden
0%
Furth an der Triesting Baden
0%
Günselsdorf Baden
0%
Heiligenkreuz Baden
0%
Hirtenberg Baden
0%
Klausen-Leopoldsdorf Baden
0%
Kottingbrunn Baden
0%
Leobersdorf Baden
0%
Mitterndorf an der Fischa Baden
0%
Oberwaltersdorf Baden
0%
Pfaffstätten Baden
0%
Pottendorf Baden
0%
Pottenstein Baden
0%
Reisenberg Baden
0%
Schönau an der Triesting Baden
0%
Seibersdorf Baden
0%
Sooß Baden
0%
Tattendorf Baden
0%
Teesdorf Baden
0%
Traiskirchen Baden
0%
Trumau Baden
0%
Weissenbach an der Triesting Baden
0%
Bartholomäberg Bludenz
0%
Blons Bludenz
0%
Bludenz Bludenz
0%
Bludesch Bludenz
0%
Brand Bludenz
0%
Bürs Bludenz
0%
Bürserberg Bludenz
0%
Dalaas Bludenz
0%
Fontanella Bludenz
0%
Gaschurn Bludenz
0%
Innerbraz Bludenz
0%
Klösterle Bludenz
0%
Lech Bludenz
0%
Lorüns Bludenz
0%
Ludesch Bludenz
0%
Nenzing Bludenz
0%
Raggal Bludenz
0%
Schruns Bludenz
0%
Silbertal Bludenz
0%
Sonntag Bludenz
0%
St. Anton im Montafon Bludenz
0%
St. Gallenkirch Bludenz
0%
St. Gerold Bludenz
0%
Stallehr Bludenz
0%
Thüringen Bludenz
0%
Thüringerberg Bludenz
0%
Tschagguns Bludenz
0%
Vandans Bludenz
0%
Altheim Braunau am Inn
0%
Aspach Braunau am Inn
0%
Auerbach Braunau am Inn
0%
Burgkirchen Braunau am Inn
0%
Eggelsberg Braunau am Inn
0%
Franking Braunau am Inn
0%
Geretsberg Braunau am Inn
0%
Gilgenberg am Weilhart Braunau am Inn
0%
Haigermoos Braunau am Inn
0%
Handenberg Braunau am Inn
0%
Helpfau-Uttendorf Braunau am Inn
0%
Hochburg-Ach Braunau am Inn
0%
Höhnhart Braunau am Inn
0%
Jeging Braunau am Inn
0%
Kirchberg bei Mattighofen Braunau am Inn
0%
Lengau Braunau am Inn
0%
Lochen Braunau am Inn
0%
Mattighofen Braunau am Inn
0%
Mauerkirchen Braunau am Inn
0%
Mining Braunau am Inn
0%
Moosbach Braunau am Inn
0%
Moosdorf Braunau am Inn
0%
Munderfing Braunau am Inn
0%
Neukirchen an der Enknach Braunau am Inn
0%
Ostermiething Braunau am Inn
0%
Palting Braunau am Inn
0%
Perwang am Grabensee Braunau am Inn
0%
Pfaffstätt Braunau am Inn
0%
Pischelsdorf am Engelbach Braunau am Inn
0%
Polling im Innkreis Braunau am Inn
0%
Roßbach Braunau am Inn
0%
Schalchen Braunau am Inn
0%
Schwand im Innkreis Braunau am Inn
0%
St. Georgen am Fillmannsbach Braunau am Inn
0%
St. Johann am Walde Braunau am Inn
0%
St. Pantaleon Braunau am Inn
0%
St. Peter am Hart Braunau am Inn
0%
St. Radegund Braunau am Inn
0%
St. Veit im Innkreis Braunau am Inn
0%
Tarsdorf Braunau am Inn
0%
Treubach Braunau am Inn
0%
Überackern Braunau am Inn
0%
Weng im Innkreis Braunau am Inn
0%
Alberschwende Bregenz
0%
Andelsbuch Bregenz
0%
Au Bregenz
0%
Bildstein Bregenz
0%
Bizau Bregenz
0%
Bregenz Bregenz
0%
Buch Bregenz
0%
Damüls Bregenz
0%
Doren Bregenz
0%
Egg Bregenz
0%
Eichenberg Bregenz
0%
Fußach Bregenz
0%
Gaißau Bregenz
0%
Hard Bregenz
0%
Hittisau Bregenz
0%
Hohenweiler Bregenz
0%
Höchst Bregenz
0%
Hörbranz Bregenz
0%
Kennelbach Bregenz
0%
Krumbach Bregenz
0%
Langenegg Bregenz
0%
Lauterach Bregenz
0%
Lingenau Bregenz
0%
Lochau Bregenz
0%
Mellau Bregenz
0%
Mittelberg Bregenz
0%
Möggers Bregenz
0%
Reuthe Bregenz
0%
Riefensberg Bregenz
0%
Schnepfau Bregenz
0%
Schröcken Bregenz
0%
Schwarzach Bregenz
0%
Schwarzenberg Bregenz
0%
Sibratsgfäll Bregenz
0%
Sulzberg Bregenz
0%
Warth Bregenz
0%
Wolfurt Bregenz
0%
Au am Leithagebirge Bruck an der Leitha
0%
Bad Deutsch-Altenburg Bruck an der Leitha
0%
Berg Bruck an der Leitha
0%
Bruck an der Leitha Bruck an der Leitha
0%
Ebergassing Bruck an der Leitha
0%
Enzersdorf an der Fischa Bruck an der Leitha
0%
Fischamend Bruck an der Leitha
0%
Gramatneusiedl Bruck an der Leitha
0%
Göttlesbrunn-Arbesthal Bruck an der Leitha
0%
Götzendorf an der Leitha Bruck an der Leitha
0%
Hainburg an der Donau Bruck an der Leitha
0%
Haslau-Maria Ellend Bruck an der Leitha
0%
Himberg Bruck an der Leitha
0%
Hof am Leithagebirge Bruck an der Leitha
0%
Hundsheim Bruck an der Leitha
0%
Höflein Bruck an der Leitha
0%
Klein-Neusiedl Bruck an der Leitha
0%
Lanzendorf Bruck an der Leitha
0%
Leopoldsdorf Bruck an der Leitha
0%
Maria-Lanzendorf Bruck an der Leitha
0%
Moosbrunn Bruck an der Leitha
0%
Petronell-Carnuntum Bruck an der Leitha
0%
Prellenkirchen Bruck an der Leitha
0%
Rauchenwarth Bruck an der Leitha
0%
Rohrau Bruck an der Leitha
0%
Scharndorf Bruck an der Leitha
0%
Schwadorf Bruck an der Leitha
0%
Schwechat Bruck an der Leitha
0%
Sommerein Bruck an der Leitha
0%
Trautmannsdorf an der Leitha Bruck an der Leitha
0%
Wolfsthal Bruck an der Leitha
0%
Zwölfaxing Bruck an der Leitha
0%
Aflenz Bruck-Mürzzuschlag
0%
Breitenau am Hochlantsch Bruck-Mürzzuschlag
0%
Bruck an der Mur Bruck-Mürzzuschlag
0%
Kapfenberg Bruck-Mürzzuschlag
0%
Kindberg Bruck-Mürzzuschlag
0%
Krieglach Bruck-Mürzzuschlag
0%
Langenwang Bruck-Mürzzuschlag
0%
Mariazell Bruck-Mürzzuschlag
0%
Mürzzuschlag Bruck-Mürzzuschlag
0%
Neuberg an der Mürz Bruck-Mürzzuschlag
0%
Pernegg an der Mur Bruck-Mürzzuschlag
0%
Sankt Lorenzen im Mürztal Bruck-Mürzzuschlag
0%
Sankt Marein im Mürztal Bruck-Mürzzuschlag
0%
Spital am Semmering Bruck-Mürzzuschlag
0%
Stanz im Mürztal Bruck-Mürzzuschlag
0%
Thörl Bruck-Mürzzuschlag
0%
Tragöß-Sankt Katharein Bruck-Mürzzuschlag
0%
Turnau Bruck-Mürzzuschlag
0%
Deutschlandsberg Deutschlandsberg
0%
Frauental an der Laßnitz Deutschlandsberg
0%
Groß Sankt Florian Deutschlandsberg
0%
Lannach Deutschlandsberg
0%
Pölfing-Brunn Deutschlandsberg
0%
Preding Deutschlandsberg
0%
Sankt Josef (Weststeiermark) Deutschlandsberg
0%
Sankt Martin im Sulmtal Deutschlandsberg
0%
Sankt Peter im Sulmtal Deutschlandsberg
0%
Sankt Stefan ob Stainz Deutschlandsberg
0%
Bad Schwanberg Deutschlandsberg
0%
Stainz Deutschlandsberg
0%
Wettmannstätten Deutschlandsberg
0%
Wies Deutschlandsberg
0%
Hohenems Dornbirn
0%
Lustenau Dornbirn
0%
Alkoven Eferding
0%
Aschach an der Donau Eferding
0%
Eferding Eferding
0%
Fraham Eferding
0%
Haibach ob der Donau Eferding
0%
Hartkirchen Eferding
0%
Hinzenbach Eferding
0%
Prambachkirchen Eferding
0%
Scharten Eferding
0%
St. Marienkirchen an der Polsenz Eferding
0%
Stroheim Eferding
0%
Eisenstadt Eisenstadt
0%
Breitenbrunn am Neusiedler See Eisenstadt Umgebung
0%
Donnerskirchen Eisenstadt Umgebung
0%
Großhöflein Eisenstadt Umgebung
0%
Hornstein Eisenstadt Umgebung
0%
Klingenbach Eisenstadt Umgebung
0%
Leithaprodersdorf Eisenstadt Umgebung
0%
Loretto Eisenstadt Umgebung
0%
Mörbisch am See Eisenstadt Umgebung
0%
Müllendorf Eisenstadt Umgebung
0%
Neufeld an der Leitha Eisenstadt Umgebung
0%
Oggau am Neusiedler See Eisenstadt Umgebung
0%
Oslip Eisenstadt Umgebung
0%
Purbach am Neusiedler See Eisenstadt Umgebung
0%
Sankt Margarethen im Burgenland Eisenstadt Umgebung
0%
Schützen am Gebirge Eisenstadt Umgebung
0%
Siegendorf Eisenstadt Umgebung
0%
Stotzing Eisenstadt Umgebung
0%
Trausdorf an der Wulka Eisenstadt Umgebung
0%
Wimpassing an der Leitha Eisenstadt Umgebung
0%
Wulkaprodersdorf Eisenstadt Umgebung
0%
Zagersdorf Eisenstadt Umgebung
0%
Zillingtal Eisenstadt Umgebung
0%
Altach Feldkirch
0%
Düns Feldkirch
0%
Dünserberg Feldkirch
0%
Feldkirch Feldkirch
0%
Frastanz Feldkirch
0%
Fraxern Feldkirch
0%
Göfis Feldkirch
0%
Klaus Feldkirch
0%
Koblach Feldkirch
0%
Laterns Feldkirch
0%
Meiningen Feldkirch
0%
Mäder Feldkirch
0%
Rankweil Feldkirch
0%
Röns Feldkirch
0%
Röthis Feldkirch
0%
Satteins Feldkirch
0%
Schlins Feldkirch
0%
Sulz Feldkirch
0%
Übersaxen Feldkirch
0%
Viktorsberg Feldkirch
0%
Weiler Feldkirch
0%
Zwischenwasser Feldkirch
0%
Albeck Feldkirchen
0%
Feldkirchen in Kärnten Feldkirchen
0%
Glanegg Feldkirchen
0%
Gnesau Feldkirchen
0%
Himmelberg Feldkirchen
0%
Reichenau Feldkirchen
0%
St. Urban Feldkirchen
0%
Steindorf am Ossiacher See Feldkirchen
0%
Steuerberg Feldkirchen
0%
Bad Zell Freistadt
0%
Freistadt Freistadt
0%
Grünbach Freistadt
0%
Gutau Freistadt
0%
Hagenberg im Mühlkreis Freistadt
0%
Hirschbach im Mühlkreis Freistadt
0%
Kaltenberg Freistadt
0%
Kefermarkt Freistadt
0%
Königswiesen Freistadt
0%
Lasberg Freistadt
0%
Leopoldschlag Freistadt
0%
Liebenau Freistadt
0%
Neumarkt im Mühlkreis Freistadt
0%
Pierbach Freistadt
0%
Pregarten Freistadt
0%
Rainbach im Mühlkreis Freistadt
0%
Sandl Freistadt
0%
Schönau im Mühlkreis Freistadt
0%
St. Leonhard bei Freistadt Freistadt
0%
St. Oswald bei Freistadt Freistadt
0%
Tragwein Freistadt
0%
Unterweißenbach Freistadt
0%
Unterweitersdorf Freistadt
0%
Waldburg Freistadt
0%
Wartberg ob der Aist Freistadt
0%
Weitersfelden Freistadt
0%
Windhaag bei Freistadt Freistadt
0%
Aderklaa Gänserndorf
0%
Andlersdorf Gänserndorf
0%
Angern an der March Gänserndorf
0%
Auersthal Gänserndorf
0%
Bad Pirawarth Gänserndorf
0%
Deutsch-Wagram Gänserndorf
0%
Drösing Gänserndorf
0%
Dürnkrut Gänserndorf
0%
Ebenthal Gänserndorf
0%
Eckartsau Gänserndorf
0%
Engelhartstetten Gänserndorf
0%
Glinzendorf Gänserndorf
0%
Groß-Enzersdorf Gänserndorf
0%
Groß-Schweinbarth Gänserndorf
0%
Großhofen Gänserndorf
0%
Gänserndorf Gänserndorf
0%
Haringsee Gänserndorf
0%
Hauskirchen Gänserndorf
0%
Hohenau an der March Gänserndorf
0%
Hohenruppersdorf Gänserndorf
0%
Jedenspeigen Gänserndorf
0%
Lassee Gänserndorf
0%
Leopoldsdorf im Marchfelde Gänserndorf
0%
Mannsdorf an der Donau Gänserndorf
0%
Marchegg Gänserndorf
0%
Markgrafneusiedl Gänserndorf
0%
MatzenRaggendorf Gänserndorf
0%
Neusiedl an der Zaya Gänserndorf
0%
Obersiebenbrunn Gänserndorf
0%
Orth an der Donau Gänserndorf
0%
Palterndorf-Dobermannsdorf Gänserndorf
0%
Parbasdorf Gänserndorf
0%
Prottes Gänserndorf
0%
Raasdorf Gänserndorf
0%
Ringelsdorf-Niederabsdorf Gänserndorf
0%
Schönkirchen-Reyersdorf Gänserndorf
0%
Spannberg Gänserndorf
0%
Strasshof an der Nordbahn Gänserndorf
0%
Sulz im Weinviertel Gänserndorf
0%
Untersiebenbrunn Gänserndorf
0%
Velm-Götzendorf Gänserndorf
0%
Weiden an der March Gänserndorf
0%
Weikendorf Gänserndorf
0%
Zistersdorf Gänserndorf
0%
Amaliendorf-Aalfang Gmünd
0%
Bad Großpertholz Gmünd
0%
Brand-Nagelberg Gmünd
0%
Eggern Gmünd
0%
Eisgarn Gmünd
0%
Gmünd Gmünd
0%
Großdietmanns Gmünd
0%
Großschönau Gmünd
0%
Heidenreichstein Gmünd
0%
Hirschbach Gmünd
0%
Hoheneich Gmünd
0%
Kirchberg am Walde Gmünd
0%
Litschau Gmünd
0%
Moorbad Harbach Gmünd
0%
Reingers Gmünd
0%
Schrems Gmünd
0%
St. Martin Gmünd
0%
Unserfrau-Altweitra Gmünd
0%
Waldenstein Gmünd
0%
Weitra Gmünd
0%
Altmünster Gmunden
0%
Bad Goisern am Hallstättersee Gmunden
0%
Bad Ischl Gmunden
0%
Ebensee Gmunden
0%
Gmunden Gmunden
0%
Gosau Gmunden
0%
Grünau im Almtal Gmunden
0%
Gschwandt Gmunden
0%
Hallstatt Gmunden
0%
Kirchham Gmunden
0%
Laakirchen Gmunden
0%
Obertraun Gmunden
0%
Ohlsdorf Gmunden
0%
Pinsdorf Gmunden
0%
Roitham Gmunden
0%
Scharnstein Gmunden
0%
St. Konrad Gmunden
0%
St. Wolfgang im Salzkammergut Gmunden
0%
Traunkirchen Gmunden
0%
Graz Graz
0%
Deutschfeistritz Graz-Umgebung
0%
Dobl-Zwaring Graz-Umgebung
0%
Eggersdorf bei Graz Graz-Umgebung
0%
Feldkirchen bei Graz Graz-Umgebung
0%
Fernitz-Mellach Graz-Umgebung
0%
Frohnleiten Graz-Umgebung
0%
Gratkorn Graz-Umgebung
0%
Gratwein-Straßengel Graz-Umgebung
0%
Gössendorf Graz-Umgebung
0%
Hart bei Graz Graz-Umgebung
0%
Haselsdorf-Tobelbad Graz-Umgebung
0%
Hausmannstätten Graz-Umgebung
0%
Hitzendorf Graz-Umgebung
0%
Kainbach bei Graz Graz-Umgebung
0%
Kalsdorf bei Graz Graz-Umgebung
0%
Kumberg Graz-Umgebung
0%
Lieboch Graz-Umgebung
0%
Nestelbach bei Graz Graz-Umgebung
0%
Peggau Graz-Umgebung
0%
Raaba-Grambach Graz-Umgebung
0%
Sankt Bartholomä Graz-Umgebung
0%
Sankt Marein bei Graz Graz-Umgebung
0%
Sankt Oswald bei Plankenwarth Graz-Umgebung
0%
Sankt Radegund bei Graz Graz-Umgebung
0%
Seiersberg-Pirka Graz-Umgebung
0%
Semriach Graz-Umgebung
0%
Stattegg Graz-Umgebung
0%
Stiwoll Graz-Umgebung
0%
Thal Graz-Umgebung
0%
Vasoldsberg Graz-Umgebung
0%
Weinitzen Graz-Umgebung
0%
Werndorf Graz-Umgebung
0%
Wundschuh Graz-Umgebung
0%
Aistersheim Grieskirchen
0%
Bad Schallerbach Grieskirchen
0%
Eschenau im Hausruckkreis Grieskirchen
0%
Gallspach Grieskirchen
0%
Gaspoltshofen Grieskirchen
0%
Geboltskirchen Grieskirchen
0%
Grieskirchen Grieskirchen
0%
Haag am Hausruck Grieskirchen
0%
Heiligenberg Grieskirchen
0%
Hofkirchen an der Trattnach Grieskirchen
0%
Kallham Grieskirchen
0%
Kematen am Innbach Grieskirchen
0%
Meggenhofen Grieskirchen
0%
Michaelnbach Grieskirchen
0%
Natternbach Grieskirchen
0%
Neukirchen am Walde Grieskirchen
0%
Neumarkt im Hausruckkreis Grieskirchen
0%
Peuerbach Grieskirchen
0%
Pollham Grieskirchen
0%
Pram Grieskirchen
0%
Pötting Grieskirchen
0%
Rottenbach Grieskirchen
0%
Schlüßlberg Grieskirchen
0%
St. Agatha Grieskirchen
0%
St. Georgen bei Grieskirchen Grieskirchen
0%
St. Thomas Grieskirchen
0%
Steegen Grieskirchen
0%
Taufkirchen an der Trattnach Grieskirchen
0%
Tollet Grieskirchen
0%
Waizenkirchen Grieskirchen
0%
Wallern an der Trattnach Grieskirchen
0%
Weibern Grieskirchen
0%
Wendling Grieskirchen
0%
Aich Gröbming
0%
Gröbming Gröbming
0%
Haus Gröbming
0%
Michaelerberg-Pruggern Gröbming
0%
Mitterberg-Sankt Martin Gröbming
0%
Öblarn Gröbming
0%
Ramsau am Dachstein Gröbming
0%
Schladming Gröbming
0%
Sölk Gröbming
0%
Bildein Güssing
0%
Bocksdorf Güssing
0%
Burgauberg-Neudauberg Güssing
0%
Eberau Güssing
0%
Gerersdorf-Sulz Güssing
0%
Güssing Güssing
0%
Güttenbach Güssing
0%
Hackerberg Güssing
0%
Heiligenbrunn Güssing
0%
Heugraben Güssing
0%
Inzenhof Güssing
0%
Kleinmürbisch Güssing
0%
Kukmirn Güssing
0%
Moschendorf Güssing
0%
Neuberg im Burgenland Güssing
0%
Neustift bei Güssing Güssing
0%
Olbendorf Güssing
0%
Ollersdorf im Burgenland Güssing
0%
Rauchwart Güssing
0%
Rohr im Burgenland Güssing
0%
Stegersbach Güssing
0%
Stinatz Güssing
0%
Strem Güssing
0%
Tobaj Güssing
0%
Tschanigraben Güssing
0%
Wörterberg Güssing
0%
Abtenau Hallein
0%
Adnet Hallein
0%
Annaberg-Lungötz Hallein
0%
Golling an der Salzach Hallein
0%
Hallein Hallein
0%
Krispl Hallein
0%
Kuchl Hallein
0%
Oberalm Hallein
0%
Puch bei Hallein Hallein
0%
Rußbach am Paß Gschütt Hallein
0%
Sankt Koloman Hallein
0%
Scheffau am Tennengebirge Hallein
0%
Bad Blumau Hartberg-Fürstenfeld
0%
Bad Waltersdorf Hartberg-Fürstenfeld
0%
Burgau Hartberg-Fürstenfeld
0%
Dechantskirchen Hartberg-Fürstenfeld
0%
Ebersdorf Hartberg-Fürstenfeld
0%
Feistritztal Hartberg-Fürstenfeld
0%
Friedberg Hartberg-Fürstenfeld
0%
Fürstenfeld Hartberg-Fürstenfeld
0%
Grafendorf bei Hartberg Hartberg-Fürstenfeld
0%
Greinbach Hartberg-Fürstenfeld
0%
Großsteinbach Hartberg-Fürstenfeld
0%
Großwilfersdorf Hartberg-Fürstenfeld
0%
Hartberg Hartberg-Fürstenfeld
0%
Hartberg Umgebung Hartberg-Fürstenfeld
0%
Hartl Hartberg-Fürstenfeld
0%
Ilz Hartberg-Fürstenfeld
0%
Lafnitz Hartberg-Fürstenfeld
0%
Neudau Hartberg-Fürstenfeld
0%
Ottendorf an der Rittschein Hartberg-Fürstenfeld
0%
Pinggau Hartberg-Fürstenfeld
0%
Pöllau Hartberg-Fürstenfeld
0%
Pöllauberg Hartberg-Fürstenfeld
0%
Rohr bei Hartberg Hartberg-Fürstenfeld
0%
Rohrbach an der Lafnitz Hartberg-Fürstenfeld
0%
Sankt Jakob im Walde Hartberg-Fürstenfeld
0%
Sankt Johann in der Haide Hartberg-Fürstenfeld
0%
Sankt Lorenzen am Wechsel Hartberg-Fürstenfeld
0%
Schäffern Hartberg-Fürstenfeld
0%
Stubenberg Hartberg-Fürstenfeld
0%
Söchau Hartberg-Fürstenfeld
0%
Waldbach-Mönichwald Hartberg-Fürstenfeld
0%
Wenigzell Hartberg-Fürstenfeld
0%
Buch-St. Magdalena Hartberg-Fürstenfeld
0%
Dellach Hermagor
0%
Gitschtal Hermagor
0%
Kirchbach Hermagor
0%
Kötschach-Mauthen Hermagor
0%
Lesachtal Hermagor
0%
St. Stefan im Gailtal Hermagor
0%
Alberndorf im Pulkautal Hollabrunn
0%
Grabern Hollabrunn
0%
Guntersdorf Hollabrunn
0%
Göllersdorf Hollabrunn
0%
Hadres Hollabrunn
0%
Hardegg Hollabrunn
0%
Haugsdorf Hollabrunn
0%
Heldenberg Hollabrunn
0%
Hollabrunn Hollabrunn
0%
Mailberg Hollabrunn
0%
Maissau Hollabrunn
0%
Nappersdorf-Kammersdorf Hollabrunn
0%
Pernersdorf Hollabrunn
0%
Pulkau Hollabrunn
0%
Ravelsbach Hollabrunn
0%
Retz Hollabrunn
0%
Retzbach Hollabrunn
0%
Schrattenthal Hollabrunn
0%
Seefeld-Kadolz Hollabrunn
0%
Sitzendorf an der Schmida Hollabrunn
0%
Wullersdorf Hollabrunn
0%
Zellerndorf Hollabrunn
0%
Ziersdorf Hollabrunn
0%
Altenburg Horn
0%
Bernhard-Frauenhofen Horn
0%
Brunn an der Wild Horn
0%
Burgschleinitz-Kühnring Horn
0%
Eggenburg Horn
0%
Gars am Kamp Horn
0%
Geras Horn
0%
Horn Horn
0%
Irnfritz-Messern Horn
0%
Japons Horn
0%
Langau Horn
0%
Meiseldorf Horn
0%
Pernegg Horn
0%
Rosenburg-Mold Horn
0%
Röhrenbach Horn
0%
Röschitz Horn
0%
Sigmundsherberg Horn
0%
Straning-Grafenberg Horn
0%
Weitersfeld Horn
0%
Arzl im Pitztal Imst
0%
Haiming Imst
0%
Imst Imst
0%
Imsterberg Imst
0%
Jerzens Imst
0%
Karrösten Imst
0%
Längenfeld Imst
0%
Mieming Imst
0%
Mils bei Imst Imst
0%
Mötz Imst
0%
Nassereith Imst
0%
Obsteig Imst
0%
Oetz Imst
0%
Rietz Imst
0%
Roppen Imst
0%
Sautens Imst
0%
Silz Imst
0%
St. Leonhard im Pitztal Imst
0%
Stams Imst
0%
Tarrenz Imst
0%
Umhausen Imst
0%
Wenns Imst
0%
Innsbruck Innsbruck
0%
Absam Innsbruck-Land
0%
Aldrans Innsbruck-Land
0%
Ampass Innsbruck-Land
0%
Baumkirchen Innsbruck-Land
0%
Birgitz Innsbruck-Land
0%
Ellbögen Innsbruck-Land
0%
Flaurling Innsbruck-Land
0%
Fritzens Innsbruck-Land
0%
Fulpmes Innsbruck-Land
0%
Gnadenwald Innsbruck-Land
0%
Gries am Brenner Innsbruck-Land
0%
Gries im Sellrain Innsbruck-Land
0%
Grinzens Innsbruck-Land
0%
Gschnitz Innsbruck-Land
0%
Götzens Innsbruck-Land
0%
Hall in Tirol Innsbruck-Land
0%
Hatting Innsbruck-Land
0%
Inzing Innsbruck-Land
0%
Kolsass Innsbruck-Land
0%
Kolsassberg Innsbruck-Land
0%
Lans Innsbruck-Land
0%
Leutasch Innsbruck-Land
0%
Matrei am Brenner Innsbruck-Land
0%
Mieders Innsbruck-Land
0%
Mutters Innsbruck-Land
0%
Mühlbachl Innsbruck-Land
0%
Natters Innsbruck-Land
0%
Navis Innsbruck-Land
0%
Oberhofen im Inntal Innsbruck-Land
0%
Obernberg am Brenner Innsbruck-Land
0%
Oberperfuss Innsbruck-Land
0%
Patsch Innsbruck-Land
0%
Pettnau Innsbruck-Land
0%
Pfaffenhofen Innsbruck-Land
0%
Pfons Innsbruck-Land
0%
Polling in Tirol Innsbruck-Land
0%
Ranggen Innsbruck-Land
0%
Reith bei Seefeld Innsbruck-Land
0%
Rinn Innsbruck-Land
0%
Rum Innsbruck-Land
0%
Scharnitz Innsbruck-Land
0%
Schmirn Innsbruck-Land
0%
Schönberg im Stubaital Innsbruck-Land
0%
Seefeld in Tirol Innsbruck-Land
0%
Sellrain Innsbruck-Land
0%
Sistrans Innsbruck-Land
0%
St. Sigmund im Sellrain Innsbruck-Land
0%
Steinach am Brenner Innsbruck-Land
0%
Telfes im Stubai Innsbruck-Land
0%
Telfs Innsbruck-Land
0%
Thaur Innsbruck-Land
0%
Trins Innsbruck-Land
0%
Tulfes Innsbruck-Land
0%
Unterperfuss Innsbruck-Land
0%
Vals Innsbruck-Land
0%
Volders Innsbruck-Land
0%
Völs Innsbruck-Land
0%
Wattenberg Innsbruck-Land
0%
Wattens Innsbruck-Land
0%
Wildermieming Innsbruck-Land
0%
Zirl Innsbruck-Land
0%
Deutsch Kaltenbrunn Jennersdorf
0%
Eltendorf Jennersdorf
0%
Heiligenkreuz im Lafnitztal Jennersdorf
0%
Jennersdorf Jennersdorf
0%
Königsdorf Jennersdorf
0%
Minihof-Liebau Jennersdorf
0%
Mogersdorf Jennersdorf
0%
Mühlgraben Jennersdorf
0%
Neuhaus am Klausenbach Jennersdorf
0%
Rudersdorf Jennersdorf
0%
Sankt Martin an der Raab Jennersdorf
0%
Weichselbaum Jennersdorf
0%
Edlbach Kirchdorf an der Krems
0%
Grünburg Kirchdorf an der Krems
0%
Hinterstoder Kirchdorf an der Krems
0%
Inzersdorf im Kremstal Kirchdorf an der Krems
0%
Kirchdorf an der Krems Kirchdorf an der Krems
0%
Klaus an der Pyhrnbahn Kirchdorf an der Krems
0%
Kremsmünster Kirchdorf an der Krems
0%
Micheldorf in Oberösterreich Kirchdorf an der Krems
0%
Molln Kirchdorf an der Krems
0%
Nußbach Kirchdorf an der Krems
0%
Oberschlierbach Kirchdorf an der Krems
0%
Pettenbach Kirchdorf an der Krems
0%
Ried im Traunkreis Kirchdorf an der Krems
0%
Roßleithen Kirchdorf an der Krems
0%
Rosenau am Hengstpaß Kirchdorf an der Krems
0%
Schlierbach Kirchdorf an der Krems
0%
Spital am Pyhrn Kirchdorf an der Krems
0%
St. Pankraz Kirchdorf an der Krems
0%
Steinbach am Ziehberg Kirchdorf an der Krems
0%
Steinbach an der Steyr Kirchdorf an der Krems
0%
Vorderstoder Kirchdorf an der Krems
0%
Wartberg an der Krems Kirchdorf an der Krems
0%
Windischgarsten Kirchdorf an der Krems
0%
Aurach bei Kitzbühel Kitzbühel
0%
Brixen im Thale Kitzbühel
0%
Fieberbrunn Kitzbühel
0%
Going am Wilden Kaiser Kitzbühel
0%
Hochfilzen Kitzbühel
0%
Hopfgarten im Brixental Kitzbühel
0%
Itter Kitzbühel
0%
Jochberg Kitzbühel
0%
Kirchberg in Tirol Kitzbühel
0%
Kirchdorf in Tirol Kitzbühel
0%
Kitzbühel Kitzbühel
0%
Kössen Kitzbühel
0%
Oberndorf in Tirol Kitzbühel
0%
Reith bei Kitzbühel Kitzbühel
0%
Schwendt Kitzbühel
0%
St. Jakob in Haus Kitzbühel
0%
St. Johann in Tirol Kitzbühel
0%
St. Ulrich am Pillersee Kitzbühel
0%
Waidring Kitzbühel
0%
Westendorf Kitzbühel
0%
Klagenfurt am Wörthersee Klagenfurt am Wörthersee
0%
Ebenthal in Kärnten Klagenfurt Land
0%
Feistritz im Rosental Klagenfurt Land
0%
Ferlach Klagenfurt Land
0%
Grafenstein Klagenfurt Land
0%
Keutschach am See Klagenfurt Land
0%
Krumpendorf am Wörther See Klagenfurt Land
0%
Köttmannsdorf Klagenfurt Land
0%
Ludmannsdorf Klagenfurt Land
0%
Magdalensberg Klagenfurt Land
0%
Maria Rain Klagenfurt Land
0%
Maria Saal Klagenfurt Land
0%
Maria Wörth Klagenfurt Land
0%
Moosburg Klagenfurt Land
0%
Poggersdorf Klagenfurt Land
0%
Pörtschach am Wörther See Klagenfurt Land
0%
Schiefling am Wörthersee Klagenfurt Land
0%
St. Margareten im Rosental Klagenfurt Land
0%
Techelsberg am Wörther See Klagenfurt Land
0%
Zell Klagenfurt Land
0%
Bisamberg Korneuburg
0%
Enzersfeld im Weinviertel Korneuburg
0%
Ernstbrunn Korneuburg
0%
Gerasdorf bei Wien Korneuburg
0%
Großmugl Korneuburg
0%
Großrußbach Korneuburg
0%
Hagenbrunn Korneuburg
0%
Harmannsdorf Korneuburg
0%
Hausleiten Korneuburg
0%
Korneuburg Korneuburg
0%
Langenzersdorf Korneuburg
0%
Leitzersdorf Korneuburg
0%
Leobendorf Korneuburg
0%
Niederhollabrunn Korneuburg
0%
Rußbach Korneuburg
0%
Sierndorf Korneuburg
0%
Spillern Korneuburg
0%
Stetteldorf am Wagram Korneuburg
0%
Stetten Korneuburg
0%
Stockerau Korneuburg
0%
Krems an der Donau Krems an der Donau
0%
Albrechtsberg an der Großen Krems Krems Land
0%
Bergern im Dunkelsteinerwald Krems Land
0%
Droß Krems Land
0%
Dürnstein Krems Land
0%
Furth bei Göttweig Krems Land
0%
Gedersdorf Krems Land
0%
Gföhl Krems Land
0%
Grafenegg Krems Land
0%
Hadersdorf-Kammern Krems Land
0%
Jaidhof Krems Land
0%
Krumau am Kamp Krems Land
0%
Langenlois Krems Land
0%
Lengenfeld Krems Land
0%
Lichtenau im Waldviertel Krems Land
0%
Maria Laach am Jauerling Krems Land
0%
Mautern an der Donau Krems Land
0%
Mühldorf Krems Land
0%
Paudorf Krems Land
0%
Rastenfeld Krems Land
0%
Rohrendorf bei Krems Krems Land
0%
Rossatz-Arnsdorf Krems Land
0%
Schönberg am Kamp Krems Land
0%
Senftenberg Krems Land
0%
Spitz Krems Land
0%
St. Leonhard am Hornerwald Krems Land
0%
Straß im Straßertale Krems Land
0%
Stratzing Krems Land
0%
Weinzierl am Walde Krems Land
0%
Alpbach Kufstein
0%
Angath Kufstein
0%
Angerberg Kufstein
0%
Bad Häring Kufstein
0%
Brandenberg Kufstein
0%
Breitenbach am Inn Kufstein
0%
Brixlegg Kufstein
0%
Ebbs Kufstein
0%
Ellmau Kufstein
0%
Erl Kufstein
0%
Kirchbichl Kufstein
0%
Kramsach Kufstein
0%
Kufstein Kufstein
0%
Kundl Kufstein
0%
Langkampfen Kufstein
0%
Mariastein Kufstein
0%
Münster Kufstein
0%
Niederndorf Kufstein
0%
Niederndorferberg Kufstein
0%
Radfeld Kufstein
0%
Rattenberg Kufstein
0%
Reith im Alpbachtal Kufstein
0%
Rettenschöss Kufstein
0%
Scheffau am Wilden Kaiser Kufstein
0%
Schwoich Kufstein
0%
Söll Kufstein
0%
Thiersee Kufstein
0%
Walchsee Kufstein
0%
Wildschönau Kufstein
0%
Wörgl Kufstein
0%
Faggen Landeck
0%
Fendels Landeck
0%
Fiss Landeck
0%
Fließ Landeck
0%
Flirsch Landeck
0%
Galtür Landeck
0%
Grins Landeck
0%
Ischgl Landeck
0%
Kappl Landeck
0%
Kaunerberg Landeck
0%
Kaunertal Landeck
0%
Kauns Landeck
0%
Ladis Landeck
0%
Landeck Landeck
0%
Nauders Landeck
0%
Pettneu am Arlberg Landeck
0%
Pfunds Landeck
0%
Pians Landeck
0%
Prutz Landeck
0%
Ried im Oberinntal Landeck
0%
Schönwies Landeck
0%
See Landeck
0%
Serfaus Landeck
0%
Spiss Landeck
0%
St. Anton am Arlberg Landeck
0%
Stanz bei Landeck Landeck
0%
Strengen Landeck
0%
Tobadill Landeck
0%
Tösens Landeck
0%
Zams Landeck
0%
Arnfels Leibnitz
0%
Allerheiligen bei Wildon Leibnitz
0%
Ehrenhausen an der Weinstraße Leibnitz
0%
Empersdorf Leibnitz
0%
Gabersdorf Leibnitz
0%
Gamlitz Leibnitz
0%
Gleinstätten Leibnitz
0%
Gralla Leibnitz
0%
Großklein Leibnitz
0%
Heiligenkreuz am Waasen Leibnitz
0%
Heimschuh Leibnitz
0%
Hengsberg Leibnitz
0%
Kitzeck im Sausal Leibnitz
0%
Lang Leibnitz
0%
Lebring-Sankt Margarethen Leibnitz
0%
Leibnitz Leibnitz
0%
Leutschach an der Weinstraße Leibnitz
0%
Oberhaag Leibnitz
0%
Ragnitz Leibnitz
0%
Sankt Andrä-Höch Leibnitz
0%
Sankt Georgen an der Stiefing Leibnitz
0%
Sankt Johann im Saggautal Leibnitz
0%
Sankt Nikolai im Sausal Leibnitz
0%
Sankt Veit in der Südsteiermark Leibnitz
0%
Schwarzautal Leibnitz
0%
Straß in Steiermark Leibnitz
0%
Tillmitsch Leibnitz
0%
Wagna Leibnitz
0%
Wildon Leibnitz
0%
Eisenerz Leoben
0%
Kalwang Leoben
0%
Kammern im Liesingtal Leoben
0%
Kraubath an der Mur Leoben
0%
Leoben Leoben
0%
Mautern in Steiermark Leoben
0%
Niklasdorf Leoben
0%
Proleb Leoben
0%
Radmer Leoben
0%
Sankt Michael in Obersteiermark Leoben
0%
Sankt Peter-Freienstein Leoben
0%
Sankt Stefan ob Leoben Leoben
0%
Traboch Leoben
0%
Trofaiach Leoben
0%
Vordernberg Leoben
0%
Wald am Schoberpaß Leoben
0%
Abfaltersbach Lienz
0%
Ainet Lienz
0%
Amlach Lienz
0%
Anras Lienz
0%
Assling Lienz
0%
Außervillgraten Lienz
0%
Dölsach Lienz
0%
Gaimberg Lienz
0%
Heinfels Lienz
0%
Hopfgarten in Defereggen Lienz
0%
Innervillgraten Lienz
0%
Iselsberg-Stronach Lienz
0%
Kals am Großglockner Lienz
0%
Kartitsch Lienz
0%
Lavant Lienz
0%
Leisach Lienz
0%
Lienz Lienz
0%
Nikolsdorf Lienz
0%
Nußdorf-Debant Lienz
0%
Oberlienz Lienz
0%
Obertilliach Lienz
0%
Prägraten am Großvenediger Lienz
0%
Schlaiten Lienz
0%
Sillian Lienz
0%
St. Jakob in Defereggen Lienz
0%
St. Johann im Walde Lienz
0%
St. Veit in Defereggen Lienz
0%
Strassen Lienz
0%
Thurn Lienz
0%
Tristach Lienz
0%
Untertilliach Lienz
0%
Virgen Lienz
0%
Admont Liezen
0%
Aigen im Ennstal Liezen
0%
Altaussee Liezen
0%
Altenmarkt bei Sankt Gallen Liezen
0%
Ardning Liezen
0%
Bad Aussee Liezen
0%
Bad Mitterndorf Liezen
0%
Gaishorn am See Liezen
0%
Grundlsee Liezen
0%
Irdning-Donnersbachtal Liezen
0%
Landl Liezen
0%
Lassing Liezen
0%
Liezen Liezen
0%
Rottenmann Liezen
0%
Sankt Gallen Liezen
0%
Selzthal Liezen
0%
Stainach-Pürgg Liezen
0%
Trieben Liezen
0%
Wildalpen Liezen
0%
Wörschach Liezen
0%
Eschenau Lilienfeld
0%
Hainfeld Lilienfeld
0%
Hohenberg Lilienfeld
0%
Kaumberg Lilienfeld
0%
Kleinzell Lilienfeld
0%
Lilienfeld Lilienfeld
0%
Mitterbach am Erlaufsee Lilienfeld
0%
Ramsau Lilienfeld
0%
Rohrbach an der Gölsen Lilienfeld
0%
St. Aegyd am Neuwalde Lilienfeld
0%
St. Veit an der Gölsen Lilienfeld
0%
Traisen Lilienfeld
0%
Türnitz Lilienfeld
0%
Allhaming Linz-Land
0%
Ansfelden Linz-Land
0%
Asten Linz-Land
0%
Eggendorf im Traunkreis Linz-Land
0%
Enns Linz-Land
0%
Hargelsberg Linz-Land
0%
Hofkirchen im Traunkreis Linz-Land
0%
Hörsching Linz-Land
0%
Kematen an der Krems Linz-Land
0%
Kirchberg-Thening Linz-Land
0%
Kronstorf Linz-Land
0%
Leonding Linz-Land
0%
Neuhofen an der Krems Linz-Land
0%
Niederneukirchen Linz-Land
0%
Oftering Linz-Land
0%
Pasching Linz-Land
0%
Piberbach Linz-Land
0%
Pucking Linz-Land
0%
St. Florian Linz-Land
0%
Traun Linz-Land
0%
Wilhering Linz-Land
0%
Antau Mattersburg
0%
Bad Sauerbrunn Mattersburg
0%
Baumgarten Mattersburg
0%
Draßburg Mattersburg
0%
Forchtenstein Mattersburg
0%
Hirm Mattersburg
0%
Krensdorf Mattersburg
0%
Loipersbach im Burgenland Mattersburg
0%
Marz Mattersburg
0%
Mattersburg Mattersburg
0%
Neudörfl Mattersburg
0%
Pöttelsdorf Mattersburg
0%
Pöttsching Mattersburg
0%
Rohrbach bei Mattersburg Mattersburg
0%
Schattendorf Mattersburg
0%
Sieggraben Mattersburg
0%
Sigleß Mattersburg
0%
Wiesen Mattersburg
0%
Zemendorf-Stöttera Mattersburg
0%
Artstetten-Pöbring Melk
0%
Bergland Melk
0%
Bischofstetten Melk
0%
Blindenmarkt Melk
0%
Dorfstetten Melk
0%
Dunkelsteinerwald Melk
0%
Emmersdorf an der Donau Melk
0%
Erlauf Melk
0%
Golling an der Erlauf Melk
0%
Hofamt Melk
0%
Hürm Melk
0%
Kilb Melk
0%
Kirnberg an der Mank Melk
0%
Klein-Pöchlarn Melk
0%
Krummnußbaum Melk
0%
Leiben Melk
0%
Loosdorf Melk
0%
Marbach an der Donau Melk
0%
Maria Taferl Melk
0%
Melk Melk
0%
Münichreith-Laimbach Melk
0%
Neumarkt an der Ybbs Melk
0%
Nöchling Melk
0%
Persenbeug-Gottsdorf Melk
0%
Petzenkirchen Melk
0%
Pöchlarn Melk
0%
Pöggstall Melk
0%
Raxendorf Melk
0%
Ruprechtshofen Melk
0%
Schollach Melk
0%
Schönbühel-Aggsbach Melk
0%
St. Leonhard am Forst Melk
0%
St. Martin-Karlsbach Melk
0%
St. Oswald Melk
0%
Weiten Melk
0%
Ybbs an der Donau Melk
0%
Yspertal Melk
0%
Zelking-Matzleinsdorf Melk
0%
Altlichtenwarth Mistelbach
0%
Asparn an der Zaya Mistelbach
0%
Bernhardsthal Mistelbach
0%
Bockfließ Mistelbach
0%
Drasenhofen Mistelbach
0%
Falkenstein Mistelbach
0%
Fallbach Mistelbach
0%
Gaubitsch Mistelbach
0%
Gaweinstal Mistelbach
0%
Gnadendorf Mistelbach
0%
Großebersdorf Mistelbach
0%
Großengersdorf Mistelbach
0%
Großharras Mistelbach
0%
Großkrut Mistelbach
0%
Hausbrunn Mistelbach
0%
Herrnbaumgarten Mistelbach
0%
Hochleithen Mistelbach
0%
Kreuttal Mistelbach
0%
Kreuzstetten Mistelbach
0%
Laa an der Thaya Mistelbach
0%
Ladendorf Mistelbach
0%
Mistelbach Mistelbach
0%
Neudorf bei Staatz Mistelbach
0%
Niederleis Mistelbach
0%
Ottenthal Mistelbach
0%
Pillichsdorf Mistelbach
0%
Poysdorf Mistelbach
0%
Rabensburg Mistelbach
0%
Schrattenberg Mistelbach
0%
Staatz Mistelbach
0%
Stronsdorf Mistelbach
0%
Ulrichskirchen-Schleinbach Mistelbach
0%
Unterstinkenbrunn Mistelbach
0%
Wildendürnbach Mistelbach
0%
Wilfersdorf Mistelbach
0%
Wolkersdorf im Weinviertel Mistelbach
0%
Achau Mödling
0%
Breitenfurt bei Wien Mödling
0%
Brunn am Gebirge Mödling
0%
Gaaden Mödling
0%
Gießhübl Mödling
0%
Gumpoldskirchen Mödling
0%
Hennersdorf Mödling
0%
Hinterbrühl Mödling
0%
Kaltenleutgeben Mödling
0%
Laab im Walde Mödling
0%
Laxenburg Mödling
0%
Maria Enzersdorf Mödling
0%
Mödling Mödling
0%
Münchendorf Mödling
0%
Perchtoldsdorf Mödling
0%
Vösendorf Mödling
0%
Wiener Neudorf Mödling
0%
Wienerwald Mödling
0%
Krakau Murau
0%
Mühlen Murau
0%
Murau Murau
0%
Neumarkt in der Steiermark Murau
0%
Niederwölz Murau
0%
Oberwölz Murau
0%
Ranten Murau
0%
Sankt Georgen am Kreischberg Murau
0%
Sankt Lambrecht Murau
0%
Scheifling Murau
0%
Schöder Murau
0%
St. Peter am Kammersberg Murau
0%
Stadl-Predlitz Murau
0%
Teufenbach-Katsch Murau
0%
Fohnsdorf Murtal
0%
Gaal Murtal
0%
Lobmingtal Murtal
0%
Hohentauern Murtal
0%
Judenburg Murtal
0%
Knittelfeld Murtal
0%
Kobenz Murtal
0%
Obdach Murtal
0%
Pöls-Oberkurzheim Murtal
0%
Pölstal Murtal
0%
Pusterwald Murtal
0%
Sankt Georgen ob Judenburg Murtal
0%
Sankt Marein-Feistritz Murtal
0%
Sankt Margarethen bei Knittelfeld Murtal
0%
Sankt Peter ob Judenburg Murtal
0%
Seckau Murtal
0%
Spielberg Murtal
0%
Unzmarkt-Frauenburg Murtal
0%
Weißkirchen in Steiermark Murtal
0%
Zeltweg Murtal
0%
Altendorf Neunkirchen
0%
Aspang-Markt Neunkirchen
0%
Aspangberg-St. Peter Neunkirchen
0%
Breitenau Neunkirchen
0%
Breitenstein Neunkirchen
0%
Buchbach Neunkirchen
0%
Bürg-Vöstenhof Neunkirchen
0%
Edlitz Neunkirchen
0%
Enzenreith Neunkirchen
0%
Feistritz am Wechsel Neunkirchen
0%
Gloggnitz Neunkirchen
0%
Grafenbach-St. Valentin Neunkirchen
0%
Grünbach am Schneeberg Neunkirchen
0%
Höflein an der Hohen Wand Neunkirchen
0%
Kirchberg am Wechsel Neunkirchen
0%
Mönichkirchen Neunkirchen
0%
Natschbach-Loipersbach Neunkirchen
0%
Neunkirchen Neunkirchen
0%
Otterthal Neunkirchen
0%
Payerbach Neunkirchen
0%
Pitten Neunkirchen
0%
Prigglitz Neunkirchen
0%
Puchberg am Schneeberg Neunkirchen
0%
Raach am Hochgebirge Neunkirchen
0%
Scheiblingkirchen-Thernberg Neunkirchen
0%
Schottwien Neunkirchen
0%
Schrattenbach Neunkirchen
0%
Schwarzau am Steinfeld Neunkirchen
0%
Schwarzau im Gebirge Neunkirchen
0%
Seebenstein Neunkirchen
0%
Semmering Neunkirchen
0%
St. Egyden am Steinfeld Neunkirchen
0%
Ternitz Neunkirchen
0%
Thomasberg Neunkirchen
0%
Trattenbach Neunkirchen
0%
Warth Neunkirchen
0%
Wartmannstetten Neunkirchen
0%
Willendorf Neunkirchen
0%
Wimpassing im Schwarzatale Neunkirchen
0%
Würflach Neunkirchen
0%
Zöbern Neunkirchen
0%
Andau Neusiedl am See
0%
Apetlon Neusiedl am See
0%
Bruckneudorf Neusiedl am See
0%
Deutsch Jahrndorf Neusiedl am See
0%
Edelstal Neusiedl am See
0%
Frauenkirchen Neusiedl am See
0%
Gattendorf Neusiedl am See
0%
Gols Neusiedl am See
0%
Halbturn Neusiedl am See
0%
Illmitz Neusiedl am See
0%
Jois Neusiedl am See
0%
Kittsee Neusiedl am See
0%
Mönchhof Neusiedl am See
0%
Neudorf Neusiedl am See
0%
Neusiedl am See Neusiedl am See
0%
Nickelsdorf Neusiedl am See
0%
Pama Neusiedl am See
0%
Pamhagen Neusiedl am See
0%
Parndorf Neusiedl am See
0%
Potzneusiedl Neusiedl am See
0%
Sankt Andrä am Zicksee Neusiedl am See
0%
Tadten Neusiedl am See
0%
Wallern im Burgenland Neusiedl am See
0%
Weiden am See Neusiedl am See
0%
Zurndorf Neusiedl am See
0%
Deutschkreutz Oberpullendorf
0%
Draßmarkt Oberpullendorf
0%
Großwarasdorf Oberpullendorf
0%
Horitschon Oberpullendorf
0%
Kaisersdorf Oberpullendorf
0%
Kobersdorf Oberpullendorf
0%
Lackenbach Oberpullendorf
0%
Lackendorf Oberpullendorf
0%
Lockenhaus Oberpullendorf
0%
Lutzmannsburg Oberpullendorf
0%
Mannersdorf an der Rabnitz Oberpullendorf
0%
Markt Sankt Martin Oberpullendorf
0%
Neckenmarkt Oberpullendorf
0%
Neutal Oberpullendorf
0%
Nikitsch Oberpullendorf
0%
Oberloisdorf Oberpullendorf
0%
Pilgersdorf Oberpullendorf
0%
Piringsdorf Oberpullendorf
0%
Raiding Oberpullendorf
0%
Ritzing Oberpullendorf
0%
Steinberg-Dörfl Oberpullendorf
0%
Stoob Oberpullendorf
0%
Unterfrauenhaid Oberpullendorf
0%
Unterrabnitz-Schwendgraben Oberpullendorf
0%
Weingraben Oberpullendorf
0%
Weppersdorf Oberpullendorf
0%
Bad Tatzmannsdorf Oberwart
0%
Badersdorf Oberwart
0%
Bernstein Oberwart
0%
Deutsch Schützen-Eisenberg Oberwart
0%
Grafenschachen Oberwart
0%
Hannersdorf Oberwart
0%
Jabing Oberwart
0%
Kemeten Oberwart
0%
Kohfidisch Oberwart
0%
Litzelsdorf Oberwart
0%
Loipersdorf-Kitzladen Oberwart
0%
Mariasdorf Oberwart
0%
Markt Allhau Oberwart
0%
Markt Neuhodis Oberwart
0%
Mischendorf Oberwart
0%
Neustift an der Lafnitz Oberwart
0%
Oberdorf im Burgenland Oberwart
0%
Oberschützen Oberwart
0%
Oberwart Oberwart
0%
Pinkafeld Oberwart
0%
Rechnitz Oberwart
0%
Riedlingsdorf Oberwart
0%
Rotenturm an der Pinka Oberwart
0%
Schachendorf Oberwart
0%
Schandorf Oberwart
0%
Unterkohlstätten Oberwart
0%
Weiden bei Rechnitz Oberwart
0%
Wiesfleck Oberwart
0%
Wolfau Oberwart
0%
Allerheiligen im Mühlkreis Perg
0%
Arbing Perg
0%
Bad Kreuzen Perg
0%
Baumgartenberg Perg
0%
Grein Perg
0%
Katsdorf Perg
0%
Klam Perg
0%
Langenstein Perg
0%
Luftenberg an der Donau Perg
0%
Mauthausen Perg
0%
Mitterkirchen im Machland Perg
0%
Münzbach Perg
0%
Naarn im Machlande Perg
0%
Pabneukirchen Perg
0%
Perg Perg
0%
Rechberg Perg
0%
Ried in der Riedmark Perg
0%
Saxen Perg
0%
Schwertberg Perg
0%
St. Georgen am Walde Perg
0%
St. Georgen an der Gusen Perg
0%
St. Nikola an der Donau Perg
0%
St. Thomas am Blasenstein Perg
0%
Waldhausen im Strudengau Perg
0%
Windhaag bei Perg Perg
0%
Bach Reutte
0%
Berwang Reutte
0%
Biberwier Reutte
0%
Bichlbach Reutte
0%
Breitenwang Reutte
0%
Ehenbichl Reutte
0%
Ehrwald Reutte
0%
Elbigenalp Reutte
0%
Elmen Reutte
0%
Forchach Reutte
0%
Gramais Reutte
0%
Grän Reutte
0%
Heiterwang Reutte
0%
Hinterhornbach Reutte
0%
Holzgau Reutte
0%
Häselgehr Reutte
0%
Höfen Reutte
0%
Jungholz Reutte
0%
Kaisers Reutte
0%
Lechaschau Reutte
0%
Musau Reutte
0%
Namlos Reutte
0%
Nesselwängle Reutte
0%
Pfafflar Reutte
0%
Pflach Reutte
0%
Pinswang Reutte
0%
Reutte Reutte
0%
Schattwald Reutte
0%
Stanzach Reutte
0%
Steeg Reutte
0%
Tannheim Reutte
0%
Vils Reutte
0%
Vorderhornbach Reutte
0%
Weißenbach am Lech Reutte
0%
Wängle Reutte
0%
Zöblen Reutte
0%
Andrichsfurt Ried im Innkreis
0%
Antiesenhofen Ried im Innkreis
0%
Aurolzmünster Ried im Innkreis
0%
Eberschwang Ried im Innkreis
0%
Eitzing Ried im Innkreis
0%
Geiersberg Ried im Innkreis
0%
Geinberg Ried im Innkreis
0%
Gurten Ried im Innkreis
0%
Kirchdorf am Inn Ried im Innkreis
0%
Kirchheim im Innkreis Ried im Innkreis
0%
Lambrechten Ried im Innkreis
0%
Mehrnbach Ried im Innkreis
0%
Mettmach Ried im Innkreis
0%
Mörschwang Ried im Innkreis
0%
Mühlheim am Inn Ried im Innkreis
0%
Neuhofen im Innkreis Ried im Innkreis
0%
Obernberg am Inn Ried im Innkreis
0%
Ort im Innkreis Ried im Innkreis
0%
Pattigham Ried im Innkreis
0%
Peterskirchen Ried im Innkreis
0%
Pramet Ried im Innkreis
0%
Reichersberg Ried im Innkreis
0%
Ried im Innkreis Ried im Innkreis
0%
Schildorn Ried im Innkreis
0%
Senftenbach Ried im Innkreis
0%
St. Georgen bei Obernberg am Inn Ried im Innkreis
0%
St. Marienkirchen am Hausruck Ried im Innkreis
0%
St. Martin im Innkreis Ried im Innkreis
0%
Taiskirchen im Innkreis Ried im Innkreis
0%
Tumeltsham Ried im Innkreis
0%
Utzenaich Ried im Innkreis
0%
Waldzell Ried im Innkreis
0%
Weilbach Ried im Innkreis
0%
Wippenham Ried im Innkreis
0%
Aigen-Schlägl Rohrbach
0%
Altenfelden Rohrbach
0%
Arnreit Rohrbach
0%
Atzesberg Rohrbach
0%
Auberg Rohrbach
0%
Haslach an der Mühl Rohrbach
0%
Helfenberg Rohrbach
0%
Hörbich Rohrbach
0%
Julbach Rohrbach
0%
Kirchberg ob der Donau Rohrbach
0%
Klaffer am Hochficht Rohrbach
0%
Kleinzell im Mühlkreis Rohrbach
0%
Kollerschlag Rohrbach
0%
Lembach im Mühlkreis Rohrbach
0%
Lichtenau im Mühlkreis Rohrbach
0%
Nebelberg Rohrbach
0%
Neufelden Rohrbach
0%
Neustift im Mühlkreis Rohrbach
0%
Niederkappel Rohrbach
0%
Niederwaldkirchen Rohrbach
0%
Oberkappel Rohrbach
0%
Oepping Rohrbach
0%
Peilstein im Mühlviertel Rohrbach
0%
Pfarrkirchen im Mühlkreis Rohrbach
0%
Putzleinsdorf Rohrbach
0%
Rohrbach-Berg Rohrbach
0%
Schwarzenberg am Böhmerwald Rohrbach
0%
St. Johann am Wimberg Rohrbach
0%
St. Martin im Mühlkreis Rohrbach
0%
St. Oswald bei Haslach Rohrbach
0%
St. Peter am Wimberg Rohrbach
0%
St. Stefan-Afiesl Rohrbach
0%
St. Ulrich im Mühlkreis Rohrbach
0%
St. Veit im Mühlkreis Rohrbach
0%
Rust Rust
0%
Salzburg Salzburg
0%
Anif Salzburg-Umgebung
0%
Anthering Salzburg-Umgebung
0%
Bergheim Salzburg-Umgebung
0%
Berndorf bei Salzburg Salzburg-Umgebung
0%
Bürmoos Salzburg-Umgebung
0%
Dorfbeuern Salzburg-Umgebung
0%
Ebenau Salzburg-Umgebung
0%
Elixhausen Salzburg-Umgebung
0%
Elsbethen Salzburg-Umgebung
0%
Eugendorf Salzburg-Umgebung
0%
Faistenau Salzburg-Umgebung
0%
Fuschl am See Salzburg-Umgebung
0%
Großgmain Salzburg-Umgebung
0%
Grödig Salzburg-Umgebung
0%
Göming Salzburg-Umgebung
0%
Hallwang Salzburg-Umgebung
0%
Henndorf am Wallersee Salzburg-Umgebung
0%
Hintersee Salzburg-Umgebung
0%
Hof bei Salzburg Salzburg-Umgebung
0%
Koppl Salzburg-Umgebung
0%
Köstendorf Salzburg-Umgebung
0%
Lamprechtshausen Salzburg-Umgebung
0%
Mattsee Salzburg-Umgebung
0%
Neumarkt am Wallersee Salzburg-Umgebung
0%
Nußdorf am Haunsberg Salzburg-Umgebung
0%
Oberndorf bei Salzburg Salzburg-Umgebung
0%
Obertrum am See Salzburg-Umgebung
0%
Plainfeld Salzburg-Umgebung
0%
Sankt Georgen bei Salzburg Salzburg-Umgebung
0%
Sankt Gilgen Salzburg-Umgebung
0%
Schleedorf Salzburg-Umgebung
0%
Seeham Salzburg-Umgebung
0%
Seekirchen am Wallersee Salzburg-Umgebung
0%
Straßwalchen Salzburg-Umgebung
0%
Strobl Salzburg-Umgebung
0%
Thalgau Salzburg-Umgebung
0%
Wals-Siezenheim Salzburg-Umgebung
0%
Altenmarkt im Pongau Sankt Johann im Pongau
0%
Bad Gastein Sankt Johann im Pongau
0%
Bad Hofgastein Sankt Johann im Pongau
0%
Bischofshofen Sankt Johann im Pongau
0%
Dorfgastein Sankt Johann im Pongau
0%
Filzmoos Sankt Johann im Pongau
0%
Flachau Sankt Johann im Pongau
0%
Forstau Sankt Johann im Pongau
0%
Goldegg Sankt Johann im Pongau
0%
Großarl Sankt Johann im Pongau
0%
Hüttau Sankt Johann im Pongau
0%
Hüttschlag Sankt Johann im Pongau
0%
Kleinarl Sankt Johann im Pongau
0%
Mühlbach am Hochkönig Sankt Johann im Pongau
0%
Pfarrwerfen Sankt Johann im Pongau
0%
Radstadt Sankt Johann im Pongau
0%
Sankt Johann im Pongau Sankt Johann im Pongau
0%
Sankt Martin am Tennengebirge Sankt Johann im Pongau
0%
Sankt Veit im Pongau Sankt Johann im Pongau
0%
Untertauern Sankt Johann im Pongau
0%
Wagrain Sankt Johann im Pongau
0%
Werfen Sankt Johann im Pongau
0%
Werfenweng Sankt Johann im Pongau
0%
Althofen Sankt Veit an der Glan
0%
Brückl Sankt Veit an der Glan
0%
Eberstein Sankt Veit an der Glan
0%
Frauenstein Sankt Veit an der Glan
0%
Friesach Sankt Veit an der Glan
0%
Glödnitz Sankt Veit an der Glan
0%
Gurk Sankt Veit an der Glan
0%
Guttaring Sankt Veit an der Glan
0%
Hüttenberg Sankt Veit an der Glan
0%
Kappel am Krappfeld Sankt Veit an der Glan
0%
Klein St. Paul Sankt Veit an der Glan
0%
Liebenfels Sankt Veit an der Glan
0%
Metnitz Sankt Veit an der Glan
0%
Micheldorf Sankt Veit an der Glan
0%
Mölbling Sankt Veit an der Glan
0%
St. Veit an der Glan Sankt Veit an der Glan
0%
Straßburg Sankt Veit an der Glan
0%
Weitensfeld im Gurktal Sankt Veit an der Glan
0%
Altschwendt Schärding
0%
Andorf Schärding
0%
Brunnenthal Schärding
0%
Diersbach Schärding
0%
Dorf an der Pram Schärding
0%
Eggerding Schärding
0%
Engelhartszell Schärding
0%
Enzenkirchen Schärding
0%
Esternberg Schärding
0%
Freinberg Schärding
0%
Kopfing im Innkreis Schärding
0%
Mayrhof Schärding
0%
Münzkirchen Schärding
0%
Raab Schärding
0%
Rainbach im Innkreis Schärding
0%
Riedau Schärding
0%
Schardenberg Schärding
0%
Schärding Schärding
0%
Sigharting Schärding
0%
St. Aegidi Schärding
0%
St. Florian am Inn Schärding
0%
St. Marienkirchen bei Schärding Schärding
0%
St. Roman Schärding
0%
St. Willibald Schärding
0%
Suben Schärding
0%
Taufkirchen an der Pram Schärding
0%
Vichtenstein Schärding
0%
Waldkirchen am Wesen Schärding
0%
Wernstein am Inn Schärding
0%
Zell an der Pram Schärding
0%
Gaming Scheibbs
0%
Gresten-Land Scheibbs
0%
Göstling an der Ybbs Scheibbs
0%
Lunz am See Scheibbs
0%
Oberndorf an der Melk Scheibbs
0%
Puchenstuben Scheibbs
0%
Purgstall an der Erlauf Scheibbs
0%
Randegg Scheibbs
0%
Reinsberg Scheibbs
0%
Scheibbs Scheibbs
0%
St. Anton an der Jeßnitz Scheibbs
0%
St. Georgen an der Leys Scheibbs
0%
Steinakirchen am Forst Scheibbs
0%
Wang Scheibbs
0%
Wieselburg Scheibbs
0%
Wieselburg-Land Scheibbs
0%
Wolfpassing Scheibbs
0%
Achenkirch Schwaz
0%
Aschau im Zillertal Schwaz
0%
Brandberg Schwaz
0%
Bruck am Ziller Schwaz
0%
Eben am Achensee Schwaz
0%
Finkenberg Schwaz
0%
Fügen Schwaz
0%
Fügenberg Schwaz
0%
Gallzein Schwaz
0%
Gerlos Schwaz
0%
Gerlosberg Schwaz
0%
Hainzenberg Schwaz
0%
Hart im Zillertal Schwaz
0%
Hippach Schwaz
0%
Jenbach Schwaz
0%
Kaltenbach Schwaz
0%
Mayrhofen Schwaz
0%
Pill Schwaz
0%
Ramsau im Zillertal Schwaz
0%
Ried im Zillertal Schwaz
0%
Rohrberg Schwaz
0%
Schlitters Schwaz
0%
Schwaz Schwaz
0%
Schwendau Schwaz
0%
Stans Schwaz
0%
Steinberg am Rofan Schwaz
0%
Strass im Zillertal Schwaz
0%
Stumm Schwaz
0%
Stummerberg Schwaz
0%
Terfens Schwaz
0%
Tux Schwaz
0%
Uderns Schwaz
0%
Vomp Schwaz
0%
Weer Schwaz
0%
Weerberg Schwaz
0%
Wiesing Schwaz
0%
Zell am Ziller Schwaz
0%
Zellberg Schwaz
0%
Bad Kleinkirchheim Spittal an der Drau
0%
Baldramsdorf Spittal an der Drau
0%
Berg im Drautal Spittal an der Drau
0%
Dellach im Drautal Spittal an der Drau
0%
Flattach Spittal an der Drau
0%
Gmünd in Kärnten Spittal an der Drau
0%
Greifenburg Spittal an der Drau
0%
Großkirchheim Spittal an der Drau
0%
Heiligenblut Spittal an der Drau
0%
Irschen Spittal an der Drau
0%
Krems in Kärnten Spittal an der Drau
0%
Lendorf Spittal an der Drau
0%
Lurnfeld Spittal an der Drau
0%
Mallnitz Spittal an der Drau
0%
Malta Spittal an der Drau
0%
Millstatt Spittal an der Drau
0%
Mörtschach Spittal an der Drau
0%
Mühldorf Spittal an der Drau
0%
Oberdrauburg Spittal an der Drau
0%
Obervellach Spittal an der Drau
0%
Radenthein Spittal an der Drau
0%
Rangersdorf Spittal an der Drau
0%
Reißeck Spittal an der Drau
0%
Rennweg am Katschberg Spittal an der Drau
0%
Sachsenburg Spittal an der Drau
0%
Seeboden Spittal an der Drau
0%
Spittal an der Drau Spittal an der Drau
0%
Stall Spittal an der Drau
0%
Steinfeld Spittal an der Drau
0%
Trebesing Spittal an der Drau
0%
Weißensee Spittal an der Drau
0%
Winklern Spittal an der Drau
0%
Steyr Steyr
0%
Adlwang Steyr-Land
0%
Aschach an der Steyr Steyr-Land
0%
Bad Hall Steyr-Land
0%
Dietach Steyr-Land
0%
Gaflenz Steyr-Land
0%
Garsten Steyr-Land
0%
Großraming Steyr-Land
0%
Laussa Steyr-Land
0%
Losenstein Steyr-Land
0%
Maria Neustift Steyr-Land
0%
Pfarrkirchen bei Bad Hall Steyr-Land
0%
Reichraming Steyr-Land
0%
Rohr im Kremstal Steyr-Land
0%
Schiedlberg Steyr-Land
0%
Sierning Steyr-Land
0%
St. Ulrich bei Steyr Steyr-Land
0%
Ternberg Steyr-Land
0%
Waldneukirchen Steyr-Land
0%
Weyer Steyr-Land
0%
Wolfern Steyr-Land
0%
St. Pölten St. Pölten
0%
Altlengbach St. Pölten-Land
0%
Asperhofen St. Pölten-Land
0%
Brand-Laaben St. Pölten-Land
0%
Böheimkirchen St. Pölten-Land
0%
Eichgraben St. Pölten-Land
0%
Frankenfels St. Pölten-Land
0%
Gablitz St. Pölten-Land
0%
Gerersdorf St. Pölten-Land
0%
Hafnerbach St. Pölten-Land
0%
Haunoldstein St. Pölten-Land
0%
Herzogenburg St. Pölten-Land
0%
Hofstetten-Grünau St. Pölten-Land
0%
Inzersdorf-Getzersdorf St. Pölten-Land
0%
Kapelln St. Pölten-Land
0%
Karlstetten St. Pölten-Land
0%
Kasten bei Böheimkirchen St. Pölten-Land
0%
Kirchberg an der Pielach St. Pölten-Land
0%
Kirchstetten St. Pölten-Land
0%
Loich St. Pölten-Land
0%
Maria-Anzbach St. Pölten-Land
0%
Markersdorf-Haindorf St. Pölten-Land
0%
Mauerbach St. Pölten-Land
0%
Michelbach St. Pölten-Land
0%
Neidling St. Pölten-Land
0%
Neulengbach St. Pölten-Land
0%
Neustift-Innermanzing St. Pölten-Land
0%
Nußdorf ob der Traisen St. Pölten-Land
0%
Ober-Grafendorf St. Pölten-Land
0%
Obritzberg-Rust St. Pölten-Land
0%
Pressbaum St. Pölten-Land
0%
Prinzersdorf St. Pölten-Land
0%
Purkersdorf St. Pölten-Land
0%
Pyhra St. Pölten-Land
0%
Rabenstein an der Pielach St. Pölten-Land
0%
Schwarzenbach an der Pielach St. Pölten-Land
0%
St. Margarethen an der Sierning St. Pölten-Land
0%
Statzendorf St. Pölten-Land
0%
Traismauer St. Pölten-Land
0%
Tullnerbach St. Pölten-Land
0%
Weißenkirchen an der Perschling St. Pölten-Land
0%
Wilhelmsburg St. Pölten-Land
0%
Wolfsgraben St. Pölten-Land
0%
Wölbling St. Pölten-Land
0%
Bad Gleichenberg Südoststeiermark
0%
Bad Radkersburg Südoststeiermark
0%
Deutsch Goritz Südoststeiermark
0%
Edelsbach bei Feldbach Südoststeiermark
0%
Eichkögl Südoststeiermark
0%
Fehring Südoststeiermark
0%
Feldbach Südoststeiermark
0%
Gnas Südoststeiermark
0%
Halbenrain Südoststeiermark
0%
Jagerberg Südoststeiermark
0%
Kapfenstein Südoststeiermark
0%
Kirchbach-Zerlach Südoststeiermark
0%
Kirchberg an der Raab Südoststeiermark
0%
Klöch Südoststeiermark
0%
Mettersdorf am Saßbach Südoststeiermark
0%
Paldau Südoststeiermark
0%
Pirching am Traubenberg Südoststeiermark
0%
Sankt Anna am Aigen Südoststeiermark
0%
Sankt Peter am Ottersbach Südoststeiermark
0%
Sankt Stefan im Rosental Südoststeiermark
0%
Straden Südoststeiermark
0%
Tieschen Südoststeiermark
0%
Unterlamm Südoststeiermark
0%
Göriach Tamsweg
0%
Lessach Tamsweg
0%
Mariapfarr Tamsweg
0%
Mauterndorf Tamsweg
0%
Muhr Tamsweg
0%
Ramingstein Tamsweg
0%
Sankt Andrä im Lungau Tamsweg
0%
Sankt Margarethen im Lungau Tamsweg
0%
Sankt Michael im Lungau Tamsweg
0%
Tamsweg Tamsweg
0%
Thomatal Tamsweg
0%
Tweng Tamsweg
0%
Unternberg Tamsweg
0%
Weißpriach Tamsweg
0%
Zederhaus Tamsweg
0%
Absdorf Tulln
0%
Atzenbrugg Tulln
0%
Fels am Wagram Tulln
0%
Grafenwörth Tulln
0%
Großriedenthal Tulln
0%
Großweikersdorf Tulln
0%
Judenau-Baumgarten Tulln
0%
Kirchberg am Wagram Tulln
0%
Klosterneuburg Tulln
0%
Königsbrunn am Wagram Tulln
0%
Königstetten Tulln
0%
Langenrohr Tulln
0%
Michelhausen Tulln
0%
Muckendorf-Wipfing Tulln
0%
Sieghartskirchen Tulln
0%
Tulbing Tulln
0%
Tulln an der Donau Tulln
0%
Würmla Tulln
0%
Zeiselmauer-Wolfpassing Tulln
0%
Zwentendorf an der Donau Tulln
0%
Alberndorf in der Riedmark Urfahr-Umgebung
0%
Altenberg bei Linz Urfahr-Umgebung
0%
Bad Leonfelden Urfahr-Umgebung
0%
Eidenberg Urfahr-Umgebung
0%
Engerwitzdorf Urfahr-Umgebung
0%
Feldkirchen an der Donau Urfahr-Umgebung
0%
Gallneukirchen Urfahr-Umgebung
0%
Goldwörth Urfahr-Umgebung
0%
Gramastetten Urfahr-Umgebung
0%
Hellmonsödt Urfahr-Umgebung
0%
Herzogsdorf Urfahr-Umgebung
0%
Kirchschlag bei Linz Urfahr-Umgebung
0%
Lichtenberg Urfahr-Umgebung
0%
Oberneukirchen Urfahr-Umgebung
0%
Ottenschlag im Mühlkreis Urfahr-Umgebung
0%
Ottensheim Urfahr-Umgebung
0%
Puchenau Urfahr-Umgebung
0%
Reichenau im Mühlkreis Urfahr-Umgebung
0%
Reichenthal Urfahr-Umgebung
0%
Schenkenfelden Urfahr-Umgebung
0%
Sonnberg im Mühlkreis Urfahr-Umgebung
0%
St. Gotthard im Mühlkreis Urfahr-Umgebung
0%
Steyregg Urfahr-Umgebung
0%
Vorderweißenbach Urfahr-Umgebung
0%
Zwettl an der Rodl Urfahr-Umgebung
0%
Villach Villach
0%
Afritz am See Villach Land
0%
Arnoldstein Villach Land
0%
Arriach Villach Land
0%
Bad Bleiburg Villach Land
0%
Feistritz an der Gail Villach Land
0%
Feld am See Villach Land
0%
Ferndorf Villach Land
0%
Finkenstein am Faaker See Villach Land
0%
Fresach Villach Land
0%
Hohenthurn Villach Land
0%
Nötsch im Gailtal Villach Land
0%
Paternion Villach Land
0%
Rosegg Villach Land
0%
St. Jakob im Rosental Villach Land
0%
Stockenboi Villach Land
0%
Treffen am Ossiacher See Villach Land
0%
Velden am Wörther See Villach Land
0%
Wernberg Villach Land
0%
Ampflwang im Hausruckwald Vöcklabruck
0%
Attersee am Attersee Vöcklabruck
0%
Attnang-Puchheim Vöcklabruck
0%
Atzbach Vöcklabruck
0%
Aurach am Hongar Vöcklabruck
0%
Berg im Attergau Vöcklabruck
0%
Desselbrunn Vöcklabruck
0%
Fornach Vöcklabruck
0%
Frankenburg am Hausruck Vöcklabruck
0%
Frankenmarkt Vöcklabruck
0%
Gampern Vöcklabruck
0%
Innerschwand am Mondsee Vöcklabruck
0%
Lenzing Vöcklabruck
0%
Manning Vöcklabruck
0%
Mondsee Vöcklabruck
0%
Neukirchen an der Vöckla Vöcklabruck
0%
Nußdorf am Attersee Vöcklabruck
0%
Oberhofen am Irrsee Vöcklabruck
0%
Oberndorf bei Schwanenstadt Vöcklabruck
0%
Oberwang Vöcklabruck
0%
Ottnang am Hausruck Vöcklabruck
0%
Pfaffing Vöcklabruck
0%
Pilsbach Vöcklabruck
0%
Pitzenberg Vöcklabruck
0%
Puchkirchen am Trattberg Vöcklabruck
0%
Pöndorf Vöcklabruck
0%
Pühret Vöcklabruck
0%
Redleiten Vöcklabruck
0%
Redlham Vöcklabruck
0%
Regau Vöcklabruck
0%
Rutzenham Vöcklabruck
0%
Rüstorf Vöcklabruck
0%
Schlatt Vöcklabruck
0%
Schwanenstadt Vöcklabruck
0%
Schörfling am Attersee Vöcklabruck
0%
Seewalchen am Attersee Vöcklabruck
0%
St. Georgen im Attergau Vöcklabruck
0%
St. Lorenz Vöcklabruck
0%
Steinbach am Attersee Vöcklabruck
0%
Straß im Attergau Vöcklabruck
0%
Tiefgraben Vöcklabruck
0%
Timelkam Vöcklabruck
0%
Ungenach Vöcklabruck
0%
Unterach am Attersee Vöcklabruck
0%
Vöcklabruck Vöcklabruck
0%
Weißenkirchen im Attergau Vöcklabruck
0%
Weyregg am Attersee Vöcklabruck
0%
Wolfsegg am Hausruck Vöcklabruck
0%
Zell am Moos Vöcklabruck
0%
Zell am Pettenfirst Vöcklabruck
0%
Edelschrott Voitsberg
0%
Geistthal-Södingberg Voitsberg
0%
Hirschegg-Pack Voitsberg
0%
Kainach bei Voitsberg Voitsberg
0%
Krottendorf-Gaisfeld Voitsberg
0%
Köflach Voitsberg
0%
Ligist Voitsberg
0%
Maria Lankowitz Voitsberg
0%
Mooskirchen Voitsberg
0%
Rosental an der Kainach Voitsberg
0%
Sankt Martin am Wöllmißberg Voitsberg
0%
Söding-Sankt Johann Voitsberg
0%
Stallhofen Voitsberg
0%
Voitsberg Voitsberg
0%
Bleiburg Völkermarkt
0%
Diex Völkermarkt
0%
Eberndorf Völkermarkt
0%
Eisenkappel-Vellach Völkermarkt
0%
Feistritz ob Bleiburg Völkermarkt
0%
Gallizien Völkermarkt
0%
Globasnitz Völkermarkt
0%
Griffen Völkermarkt
0%
Neuhaus Völkermarkt
0%
Ruden Völkermarkt
0%
Sittersdorf Völkermarkt
0%
St. Kanzian am Klopeiner See Völkermarkt
0%
Völkermarkt Völkermarkt
0%
Dietmanns Waidhofen an der Thaya
0%
Dobersberg Waidhofen an der Thaya
0%
Gastern Waidhofen an der Thaya
0%
Groß-Siegharts Waidhofen an der Thaya
0%
Karlstein an der Thaya Waidhofen an der Thaya
0%
Kautzen Waidhofen an der Thaya
0%
Ludweis-Aigen Waidhofen an der Thaya
0%
Raabs an der Thaya Waidhofen an der Thaya
0%
Vitis Waidhofen an der Thaya
0%
Waidhofen an der Thaya Waidhofen an der Thaya
0%
Waidhofen an der Thaya-Land Waidhofen an der Thaya
0%
Windigsteig Waidhofen an der Thaya
0%
Waidhofen an der Ybbs Waidhofen an der Ybbs
0%
Albersdorf-Prebuch Weiz
0%
Anger Weiz
0%
Birkfeld Weiz
0%
Fischbach Weiz
0%
Fladnitz an der Teichalm Weiz
0%
Floing Weiz
0%
Gasen Weiz
0%
Gersdorf an der Feistritz Weiz
0%
Gleisdorf Weiz
0%
Gutenberg-Stenzengreith Weiz
0%
Hofstätten an der Raab Weiz
0%
Ilztal Weiz
0%
Ludersdorf-Wilfersdorf Weiz
0%
Miesenbach bei Birkfeld Weiz
0%
Mitterdorf an der Raab Weiz
0%
Mortantsch Weiz
0%
Naas Weiz
0%
Passail Weiz
0%
Pischelsdorf am Kulm Weiz
0%
Puch bei Weiz Weiz
0%
Ratten Weiz
0%
Rettenegg Weiz
0%
Sankt Kathrein am Offenegg Weiz
0%
Sankt Ruprecht an der Raab Weiz
0%
Sinabelkirchen Weiz
0%
St. Kathrein am Hauenstein Weiz
0%
St. Margarethen an der Raab Weiz
0%
Strallegg Weiz
0%
Thannhausen Weiz
0%
Weiz Weiz
0%
Wels Wels
0%
Aichkirchen Wels-Land
0%
Bachmanning Wels-Land
0%
Buchkirchen Wels-Land
0%
Eberstalzell Wels-Land
0%
Edt bei Lambach Wels-Land
0%
Fischlham Wels-Land
0%
Gunskirchen Wels-Land
0%
Holzhausen Wels-Land
0%
Krenglbach Wels-Land
0%
Lambach Wels-Land
0%
Marchtrenk Wels-Land
0%
Neukirchen bei Lambach Wels-Land
0%
Offenhausen Wels-Land
0%
Pennewang Wels-Land
0%
Sattledt Wels-Land
0%
Schleißheim Wels-Land
0%
Sipbachzell Wels-Land
0%
Stadl-Paura Wels-Land
0%
Steinerkirchen an der Traun Wels-Land
0%
Steinhaus Wels-Land
0%
Thalheim bei Wels Wels-Land
0%
Weißkirchen an der Traun Wels-Land
0%
Wimsbach-Neydharting Wels-Land
0%
Wien Wien
0%
Wiener Neustadt Wiener Neustadt
0%
Bad Erlach Wiener Neustadt-Land
0%
Bad Fischau-Brunn Wiener Neustadt-Land
0%
Bad Schönau Wiener Neustadt-Land
0%
Bromberg Wiener Neustadt-Land
0%
Ebenfurth Wiener Neustadt-Land
0%
Eggendorf Wiener Neustadt-Land
0%
Felixdorf Wiener Neustadt-Land
0%
Gutenstein Wiener Neustadt-Land
0%
Hochneukirchen-Gschaidt Wiener Neustadt-Land
0%
Hochwolkersdorf Wiener Neustadt-Land
0%
Hohe Wand Wiener Neustadt-Land
0%
Hollenthon Wiener Neustadt-Land
0%
Katzelsdorf Wiener Neustadt-Land
0%
Kirchschlag in der Buckligen Welt Wiener Neustadt-Land
0%
Krumbach Wiener Neustadt-Land
0%
Lanzenkirchen Wiener Neustadt-Land
0%
Lichtenegg Wiener Neustadt-Land
0%
Lichtenwörth Wiener Neustadt-Land
0%
Markt Piesting Wiener Neustadt-Land
0%
Matzendorf-Hölles Wiener Neustadt-Land
0%
Miesenbach Wiener Neustadt-Land
0%
Muggendorf Wiener Neustadt-Land
0%
Pernitz Wiener Neustadt-Land
0%
Rohr im Gebirge Wiener Neustadt-Land
0%
Schwarzenbach Wiener Neustadt-Land
0%
Sollenau Wiener Neustadt-Land
0%
Theresienfeld Wiener Neustadt-Land
0%
Waidmannsfeld Wiener Neustadt-Land
0%
Waldegg Wiener Neustadt-Land
0%
Walpersbach Wiener Neustadt-Land
0%
Weikersdorf am Steinfelde Wiener Neustadt-Land
0%
Wiesmath Wiener Neustadt-Land
0%
Winzendorf-Muthmannsdorf Wiener Neustadt-Land
0%
Wöllersdorf-Steinabrückl Wiener Neustadt-Land
0%
Zillingdorf Wiener Neustadt-Land
0%
Bad St. Leonhard im Lavanttal Wolfsberg
0%
Frantschach-St. Gertraud Wolfsberg
0%
Lavamünd Wolfsberg
0%
Preitenegg Wolfsberg
0%
Reichenfels Wolfsberg
0%
St. Andrä Wolfsberg
0%
St. Georgen im Lavanttal Wolfsberg
0%
St. Paul im Lavanttal Wolfsberg
0%
Wolfsberg Wolfsberg
0%
Bramberg am Wildkogel Zell am See
0%
Bruck an der Großglocknerstraße Zell am See
0%
Dienten am Hochkönig Zell am See
0%
Fusch an der Großglocknerstraße Zell am See
0%
Hollersbach im Pinzgau Zell am See
0%
Kaprun Zell am See
0%
Krimml Zell am See
0%
Lend Zell am See
0%
Leogang Zell am See
0%
Maria Alm am Steinernen Meer Zell am See
0%
Mittersill Zell am See
0%
Neukirchen am Großvenediger Zell am See
0%
Niedernsill Zell am See
0%
Piesendorf Zell am See
0%
Rauris Zell am See
0%
Saalbach-Hinterglemm Zell am See
0%
Saalfelden am Steinernen Meer Zell am See
0%
Sankt Martin bei Lofer Zell am See
0%
Stuhlfelden Zell am See
0%
Taxenbach Zell am See
0%
Unken Zell am See
0%
Uttendorf Zell am See
0%
Viehhofen Zell am See
0%
Wald im Pinzgau Zell am See
0%
Weißbach bei Lofer Zell am See
0%
Zell am See Zell am See
0%
Allentsteig Zwettl
0%
Altmelon Zwettl
0%
Arbesbach Zwettl
0%
Bad Traunstein Zwettl
0%
Bärnkopf Zwettl
0%
Echsenbach Zwettl
0%
Grafenschlag Zwettl
0%
Groß Gerungs Zwettl
0%
Großgöttfritz Zwettl
0%
Gutenbrunn Zwettl
0%
Göpfritz an der Wild Zwettl
0%
Kirchschlag Zwettl
0%
Kottes-Purk Zwettl
0%
Langschlag Zwettl
0%
Martinsberg Zwettl
0%
Ottenschlag Zwettl
0%
Pölla Zwettl
0%
Rappottenstein Zwettl
0%
Sallingberg Zwettl
0%
Schwarzenau Zwettl
0%
Schweiggers Zwettl
0%
Schönbach Zwettl
0%
Waldhausen Zwettl
0%
Zwettl Zwettl
0%
Keine übereinstimmenden Quizze gefunden
Verteilung der Resultate
Anzahl Personen mit jedem Resultat
Perzentil nach korrekt beantworteten Fragen
Ihre Resultats-Entwicklung
Sie haben dieses Quiz noch nicht gespielt